équipe de Ligue 2 - Statistiques

Statistiques générales
  • Ce quiz a été pris 23 fois
  • Le résultat moyen est 10 sur 18
Statistiques - réponses
# Clubs % Correct
16 AS Saint-Etienne
82%
11 Clermont
68%
14 En Avant Guingamp
68%
9 Stade Reims
68%
2 Annecy
64%
10 Dunkerque
59%
1 Grenoble
59%
5 Rodez
59%
17 ESTAC Troyes
55%
18 Pau FC
55%
13 Le Mans FC
50%
4 SC Bastia
50%
7 Red Star FC
45%
3 US Boulogne
45%
6 AS Nancy Lorraine
41%
12 Amiens SC
36%
8 Montpellier HSC
36%
15 Stade Lavallois
36%
Aucun quiz correspondant
Distribution des résultats
% des personnes avec chaque résultat
Percentile par nombre de réponses
Votre historique - résultats
Vous n’avez pas pris ce quiz